Combien de ville du Loiret (45) connais-tu ? - Statistiques

Statistiques générales
  • Ce quiz a été pris 43 fois
  • Le résultat moyen est 34 sur 325
Statistiques - réponses
Code postal Ville % Correct
45009 Orléans
86%
45160 Olivet
72%
45770 Saran
72%
72034 Pithiviers
69%
45200 Montargis
67%
45140 Saint-Jean-de-la-Ruelle
67%
45800 Saint-Jean-de-Braye
64%
45504 Gien
61%
45400 Fleury-les-Aubrais
58%
45209 Amilly
53%
45655 Saint-Jean-le-Blanc
50%
45110 Châteauneuf-sur-Loire
47%
45140 Ingré
47%
45430 Chécy
42%
45380 La Chapelle-Saint-Mesmin
42%
45410 Artenay
39%
45130 Meung-sur-Loire
39%
45600 Sully-sur-Loire
39%
45190 Beaugency
36%
45250 Briare
36%
45120 Châlette-sur-Loing
36%
45140 Ormes
36%
45160 Ardon
33%
45150 Jargeau
33%
45170 Neuville-aux-Bois
33%
45750 Saint-Pryvé-Saint-Mesmin
33%
45430 Bou
31%
45320 Courtenay
31%
45450 Fay-aux-Loges
31%
45240 La Ferté-Saint-Aubin
31%
45560 Saint-Denis-en-Val
31%
45260 Lorris
28%
45310 Patay
28%
45590 Saint-Cyr-en-Val
28%
45340 Beaune-la-Rolande
25%
45270 Bellegarde
25%
45520 Cercottes
25%
45170 Chilleurs-aux-Bois
25%
45510 Tigy
25%
45700 Villemandeur
25%
45400 Chanteau
22%
45570 Dampierre-en-Burly
22%
45760 Marigny-les-Usages
22%
45730 Saint-Benoît-sur-Loire
22%
45550 Saint-Denis-de-l'Hôtel
22%
45160 Saint-Hilaire-Saint-Mesmin
22%
45530 Vitry-aux-Loges
22%
45520 Chevilly
19%
45370 Cléry-Saint-André
19%
45270 Ladon
19%
45240 Marcilly-en-Villette
19%
45430 Mardié
19%
45400 Semoy
19%
45470 Traînou
19%
45510 Vienne-en-Val
19%
45760 Boigny-sur-Bionne
17%
45120 Cepoy
17%
45620 Cerdon
17%
45800 Combleux
17%
45490 Corbeilles
17%
45150 Férolles
17%
45520 Gidy
17%
45300 Laas
17%
45330 Le Malesherbois
17%
45470 Loury
17%
45570 Ouzouer-sur-Loire
17%
45700 Pannes
17%
45300 Pithiviers-le-Vieil
17%
45470 Rebréchien
17%
45130 Saint-Ay
17%
45300 Boynes
14%
45310 Bricy
14%
45380 Chaingy
14%
45450 Donnery
14%
45680 Dordives
14%
45130 Épieds-en-Beauce
14%
45370 Jouy-le-Potier
14%
45600 Lion-en-Sullias
14%
45480 Outarville
14%
45600 Saint-Père-sur-Loire
14%
45760 Vennecy
14%
45130 Baule
11%
45340 Boiscommun
11%
45460 Bonnée
11%
45140 Boulay-les-Barres
11%
45140 Bucy-Saint-Liphard
11%
45120 Corquilleroy
11%
45720 Coullons
11%
45300 Dadonville
11%
45210 Ferrières-en-Gâtinais
11%
45620 Isdes
11%
45740 Lailly-en-Val
11%
45370 Mareau-aux-Prés
11%
45200 Paucourt
11%
45390 Puiseaux
11%
45110 Saint-Martin-d'Abbat
11%
45640 Sandillon
11%
45410 Sougy
11%
45190 Tavers
11%
45600 Viglain
11%
45170 Aschères-le-Marché
8%
45500 Autry-le-Châtel
8%
45340 Auxy
8%
45340 Barville-en-Gâtinais
8%
45340 Chambon-la-Forêt
8%
45320 Chantecoq
8%
45130 Charsonville
8%
45220 Château-Renard
8%
45230 Châtillon-Coligny
8%
45480 Châtillon-le-Roi
8%
45360 Châtillon-sur-Loire
8%
45310 Coinces
8%
45530 Combreux
8%
45300 Courcy-aux-Loges
8%
45170 Crottes-en-Pithiverais
8%
45150 Darvoy
8%
45390 Dimancheville
8%
45340 Égry
8%
45300 Escrennes
8%
45110 Germigny-des-Prés
8%
45120 Girolles
8%
45300 Givraines
8%
45490 Gondreville
8%
45450 Ingrannes
8%
45210 La Chapelle-Saint-Sépulcre
8%
45460 Les Bordes
8%
45210 Louzouer
8%
45190 Messas
8%
45490 Mignères
8%
45490 Mignerette
8%
45170 Montigny
8%
45340 Nancray-sur-Rimarde
8%
45510 Neuvy-en-Sullias
8%
45340 Nibelle
8%
45500 Poilly-lez-Gien
8%
45500 Saint-Gondon
8%
45170 Saint-Lyé-la-Forêt
8%
45310 Saint-Péravy-la-Colombe
8%
45240 Sennely
8%
45110 Sigloy
8%
45310 Tournoisis
8%
45510 Vannes-sur-Cosson
8%
45190 Villorceau
8%
45700 Vimory
8%
45300 Yèvre-la-Ville
8%
45230 Adon
6%
45300 Ascoux
6%
45390 Aulnay-la-Rivière
6%
45130 Baccon
6%
45340 Batilly-en-Gâtinais
6%
45480 Bazoches-les-Gallerandes
6%
45340 Bordeaux-en-Gâtinais
6%
45260 Chailly-en-Gâtinais
6%
45480 Charmont-en-Beauce
6%
45260 Châtenoy
6%
45220 Chuelles
6%
45700 Conflans-sur-Loing
6%
45130 Coulmiers
6%
45190 Cravant
6%
45300 Engenville
6%
45320 Ervauville
6%
45480 Greneville-en-Beauce
6%
45300 Guigneville
6%
45220 Gy-les-Nonains
6%
45130 Huisseau-sur-Mauves
6%
45340 Juranville
6%
45210 La Selle-sur-le-Bied
6%
45240 Ligny-le-Ribault
6%
45490 Lorcy
6%
45240 Ménestreau-en-Villette
6%
45260 Montereau
6%
45340 Montliard
6%
45300 Morville-en-Beauce
6%
45500 Nevoy
6%
45150 Ouvrouer-les-Champs
6%
45490 Préfontaines
6%
45270 Quiers-sur-Bezonde
6%
45210 Rozoy-le-Vieil
6%
45600 Saint-Aignan-le-Jaillard
6%
45600 Saint-Florent
6%
45220 Saint-Germain-des-Prés
6%
45320 Saint-Hilaire-les-Andrésis
6%
45300 Sermaises
6%
45700 Solterre
6%
45260 Thimory
6%
45220 Triguères
6%
45270 Villemoutiers
6%
45600 Villemurlin
6%
45170 Villereau
6%
45480 Andonville
3%
45300 Audeville
3%
45480 Autruy-sur-Juine
3%
45270 Auvilliers-en-Gâtinais
3%
45210 Bazoches-sur-le-Betz
3%
45480 Boisseaux
3%
45300 Bondaroy
3%
45420 Bonny-sur-Loire
3%
45170 Bougy-lez-Neuville
3%
45300 Bouilly-en-Gâtinais
3%
45300 Bouzonville-aux-Bois
3%
45390 Briarres-sur-Essonne
3%
45390 Bromeilles
3%
45410 Bucy-le-Roi
3%
45270 Chapelon
3%
45210 Chevannes
3%
45700 Chevillon-sur-Huillard
3%
45260 Coudroy
3%
45490 Courtempierre
3%
45230 Dammarie-sur-Loing
3%
45390 Desmonts
3%
45220 Douchy-Montcorbon
3%
45370 Dry
3%
45390 Échilleuses
3%
45300 Estouy
3%
45210 Fontenay-sur-Loing
3%
45320 Foucherolles
3%
45340 Gaubertin
3%
45310 Gémigny
3%
45390 Grangermont
3%
45210 Griselles
3%
45300 Intville-la-Guétard
3%
45310 La Chapelle-Onzerain
3%
45390 La Neuville-sur-Essonne
3%
45210 Le Bignon-Mirabeau
3%
45480 Léouville
3%
45410 Lion-en-Beauce
3%
45300 Marsainvilliers
3%
45270 Mézières-en-Gâtinais
3%
45370 Mézières-lez-Cléry
3%
45340 Montbarrois
3%
45230 Montbouy
3%
45700 Montcresson
3%
45270 Moulon
3%
45210 Nargis
3%
45290 Nogent-sur-Vernisson
3%
45390 Ondreville-sur-Essonne
3%
45250 Ousson-sur-Loire
3%
45210 Pers-en-Gâtinais
3%
45300 Ramoulu
3%
45310 Rouvray-Sainte-Croix
3%
45130 Rozières-en-Beauce
3%
45220 Saint-Firmin-des-Bois
3%
45340 Saint-Loup-des-Vignes
3%
45230 Saint-Maurice-sur-Aveyron
3%
45700 Saint-Maurice-sur-Fessard
3%
45310 Saint-Sigismond
3%
45170 Santeau
3%
45490 Sceaux-du-Gâtinais
3%
45530 Seichebrières
3%
45450 Sully-la-Chapelle
3%
45210 Thorailles
3%
45170 Tivernon
3%
45290 Varennes-Changy
3%
45260 Vieilles-Maisons-sur-Joudry
3%
45300 Vrigny
3%
45230 Aillant-sur-Milleron
0%
45170 Attray
0%
45330 Augerville-la-Rivière
0%
45420 Batilly-en-Puisaye
0%
45270 Beauchamps-sur-Huillard
0%
45630 Beaulieu-sur-Loire
0%
45390 Boësses
0%
45290 Boismorand
0%
45460 Bouzy-la-Forêt
0%
45460 Bray-Saint-Aignan
0%
45250 Breteau
0%
45360 Cernoy-en-Berry
0%
45300 Césarville-Dossainville
0%
45420 Champoulet
0%
45480 Chaussy
0%
45210 Chevry-sous-le-Bignon
0%
45700 Cortrat
0%
45300 Courcelles-le-Roi
0%
45320 Courtemaux
0%
45420 Dammarie-en-Puisaye
0%
45480 Erceville
0%
45250 Escrignelles
0%
45420 Faverelles
0%
45230 Feins-en-Gâtinais
0%
45270 Fréville-du-Gâtinais
0%
45600 Guilly
0%
45520 Huêtre
0%
45480 Jouy-en-Pithiverais
0%
45230 La Bussière
0%
45230 La Chapelle-sur-Aveyron
0%
45260 La Cour-Marigny
0%
45290 Langesse
0%
45210 La Selle-en-Hermoy
0%
45130 Le Bardon
0%
45230 Le Charme
0%
45290 Le Moulinet-sur-Solin
0%
45290 Les Choux
0%
45700 Lombreuil
0%
45300 Mareau-aux-Bois
0%
45220 Melleroy
0%
45210 Mérinville
0%
45700 Mormant-sur-Vernisson
0%
45270 Nesploy
0%
45260 Noyers
0%
45170 Oison
0%
45390 Orville
0%
45290 Oussoy-en-Gâtinais
0%
45290 Ouzouer-des-Champs
0%
45270 Ouzouer-sous-Bellegarde
0%
45250 Ouzouer-sur-Trézée
0%
45300 Pannecières
0%
45360 Pierrefitte-ès-Bois
0%
45260 Presnoy
0%
45290 Pressigny-les-Pins
0%
45300 Rouvres-Saint-Jean
0%
45410 Ruan
0%
45500 Saint-Brisson-sur-Loire
0%
45230 Sainte-Geneviève-des-Bois
0%
45360 Saint-Firmin-sur-Loire
0%
45700 Saint-Hilaire-sur-Puiseaux
0%
45500 Saint-Martin-sur-Ocre
0%
45340 Saint-Michel
0%
45530 Sury-aux-Bois
0%
45300 Thignonville
0%
45420 Thou
0%
45490 Treilles-en-Gâtinais
0%
45410 Trinay
0%
45310 Villamblain
0%
45310 Villeneuve-sur-Conie
0%
45700 Villevoques
0%
Aucun quiz correspondant
Distribution des résultats
% des personnes avec chaque résultat
Percentile par nombre de réponses
Votre historique - résultats
Vous n’avez pas pris ce quiz